000 00816nam a2200205 a 4500
003 0
005 20250306144122.0
008 090706s19uu xx 00 eng d
050 _aPGS G 156.5.S87
_b.F385 2009
100 _aFerrer, Mark L.
245 _aSustainable tourism in Puerto Galera, Oriental Mindoro /
_cMark L. Ferrer.
260 _aLas PiƱas City, Philippines :
_bSouthville International School and Colleges,
_c2009.
300 _a25 pages :
_billustrations ;
_c28 cm.
504 _aIncludes bibliographical references.
650 _aSustainable tourism
_zPhilippines
_zPuerto Galera.
650 _aEcotourism
_vEnvironmental aspects
_zPhilippines.
650 _aTourism
_vSocial aspects
_zPhilippines.
650 _aBusiness enterprises
_vSocial responsibility
_zPhilippines.
942 _2lcc
_cPASS
999 _c98170
_d98170